000 01296cam a2200337 a 4500
001 EDZ0000067607
003 StDuBDS
005 20161031105134.0
006 m||||||||d||||||||
007 cr |||||||||||
008 120405s2004 enk fo| 001|0|eng d
020 _a9781446220870 (ebook) :
_cNo price
040 _aStDuBDS
_beng
_cStDuBDS
_epn
049 _aAlfaisal Main Library
050 4 _aR724
082 0 4 _a174.2
_223
100 1 _aMelia, Kath M.
245 1 0 _aHealth care ethics
_h[electronic resource] :
_blessons from intensive care /
_cKath Melia.
260 _aLondon :
_bSAGE,
_c2004.
300 _a1 online resource (152 p.)
504 _aIncludes bibliographical references and index.
520 8 _aThis text examines the way ethical dilemmas are played out in everyday clinical practice and argues for an approach to ethical decision making which focuses more patient needs than competing professional interests.
521 _aSpecialized.
588 _aDescription based on print version record.
650 0 _aMedical ethics.
655 7 _aElectronic books.
_2local
710 2 _aSage eBooks
776 0 8 _iPrint version :
_z9780761971450
856 4 0 _uhttp://ezproxy.alfaisal.edu/login?url=http://sk.sagepub.com/books/health-care-ethics
942 _2lcc
_cEBOOKS
999 _c480135
_d480135